[Event "Hastings Challengers 1995/96"]
[Site "Hastings"]
[Date "1995.12.28"]
[Round "1"]
[White "Arkell, Keith C"]
[Black "Grinfeld, Alla B"]
[Result "1-0"]
[WhiteElo "2505"]
[BlackElo "2280"]
[PlyCount "63"]
[EventDate "1995.12.28"]
[EventType "swiss"]
[EventRounds "11"]
[EventCountry "ENG"]
[SourceTitle "BritBase"]
[Source "John Saunders"]
[SourceDate "2025.01.31"]
[SourceVersion "1"]
[SourceVersionDate "2025.01.31"]
[SourceQuality "1"]

1. d4 d5 2. c4 dxc4 3. e4 Nf6 4. Nc3 e5 5. Nf3 exd4 6. Qxd4 Bd6 7. Bg5 Nc6 8. Qxc4 h6 9. Bh4 Be6 10. Qa4 O-O 11. Be2 a6 12. Rd1 Qe7 13. O-O Ne5 14. Nxe5 Bxe5 15. f4 Bxc3 16. bxc3 Qc5+ 17. Kh1 Qxc3 18. Rc1 Qe3 19. Bxf6 Qxe2 20. Ba1 Rfd8 21. f5 Rd2 22. Rg1 Bd7 23. Qa5 Rxa2 24. Qe5 f6 25. Qd5+ Kh8 26. Qxd7 Qxe4 27. Qf7 Rc2 28. Bxf6 gxf6 29. Qxf6+ Kh7 30. Qg6+ Kh8 31. Qxh6+ Kg8 32. f6 1-0

[Event "Hastings Challengers 1995/96"]
[Site "Hastings"]
[Date "1995.12.28"]
[Round "1"]
[White "Brustkern, Juergen"]
[Black "Cooper, Lawrence"]
[Result "0-1"]
[WhiteElo "2215"]
[BlackElo "2315"]
[PlyCount "148"]
[EventDate "1995.12.28"]
[EventType "swiss"]
[EventRounds "11"]
[EventCountry "ENG"]
[SourceTitle "BritBase"]
[Source "John Saunders"]
[SourceDate "2025.01.31"]
[SourceVersion "1"]
[SourceVersionDate "2025.01.31"]
[SourceQuality "1"]

1. e4 e5 2. Nc3 Nf6 3. g3 Bc5 4. Bg2 Nc6 5. Nf3 d6 6. d3 a6 7. h3 h6 8. O-O Be6 9. Nh4 Qd7 10. Kh2 g5 11. Nf5 Bxf5 12. exf5 d5 13. f4 gxf4 14. gxf4 exf4 15. Qe2+ Be7 16. Bxf4 O-O-O 17. Kh1 Bc5 18. Qe1 Rde8 19. Qh4 Be7 20. Qf2 Qxf5 21. Bh2 Qd7 22. Qf5 Rhf8 23. Nxd5 Nxd5 24. Bxd5 Qxf5 25. Rxf5 Nd8 26. Raf1 Bd6 27. Bxd6 cxd6 28. R1f2 Re3 29. Kh2 Rg8 30. R2f3 Rxf3 31. Rxf3 Re8 32. Rf2 Re5 33. c4 Re3 34. Be4 Kd7 35. Kg2 Ke7 36. Rf4 Ne6 37. Rh4 Re2+ 38. Kf1 Rxb2 39. Rxh6 Rxa2 40. Bxb7 Nc5 41. Bd5 Nxd3 42. Rh8 a5 43. Ra8 Ra1+ 44. Ke2 Nf4+ 45. Kd2 Nxd5 46. cxd5 Ra4 47. Kc3 Kf6 48. Ra7 Rh4 49. Rd7 Ke5 50. Rxf7 a4 51. Rf3 Kxd5 52. Rg3 Kc5 53. Rf3 d5 54. Rg3 Rb4 55. Kc2 Rf4 56. Kc3 Rf2 57. h4 Rh2 58. Rg4 a3 59. Kb3 a2 60. Ra4 a1=Q 61. Rxa1 Rxh4 62. Ra5+ Kd6 63. Kc3 Ke5 64. Ra8 Rh3+ 65. Kd2 Ke4 66. Ra4+ d4 67. Ra8 Rh2+ 68. Kc1 Rh1+ 69. Kd2 Rh2+ 70. Kc1 Ke3 71. Ra3+ d3 72. Ra8 Rh1+ 73. Kb2 d2 74. Re8+ Kf4 0-1

[Event "Hastings Challengers 1995/96"]
[Site "Hastings"]
[Date "1995.12.28"]
[Round "1"]
[White "Bryson, Douglas Marshall"]
[Black "Barton, R Alan"]
[Result "1/2-1/2"]
[WhiteElo "2405"]
[BlackElo "2245"]
[PlyCount "121"]
[EventDate "1995.12.28"]
[EventType "swiss"]
[EventRounds "11"]
[EventCountry "ENG"]
[SourceTitle "BritBase"]
[Source "John Saunders"]
[SourceDate "2025.01.31"]
[SourceVersion "1"]
[SourceVersionDate "2025.01.31"]
[SourceQuality "1"]

1. e4 d5 2. exd5 Qxd5 3. Nc3 Qa5 4. Nf3 Nf6 5. d4 Bf5 6. Bc4 e6 7. Bd2 c6 8. Qe2 Bb4 9. O-O-O Nbd7 10. a3 b5 11. Ba2 Bxc3 12. Bxc3 Qc7 13. Kb1 O-O 14. Bd2 a5 15. Ne5 Nxe5 16. dxe5 Nd5 17. g4 Bg6 18. h4 h6 19. h5 Bh7 20. g5 Kh8 21. gxh6 gxh6 22. Bxh6 Rg8 23. Ka1 Qb6 24. Rhg1 Qc5 25. Bg5 Bf5 26. Rg3 b4 27. Rdg1 Rxg5 28. Rxg5 bxa3 29. Qd2 axb2+ 30. Kxb2 Rb8+ 31. Bb3 Bh7 32. R5g4 Nb4 33. Rc4 Qxe5+ 34. Qc3 Qxc3+ 35. Kxc3 Bf5 36. Rc5 Nd5+ 37. Kd2 Rb4 38. Rxc6 Rd4+ 39. Kc1 Nf4 40. Rc8+ Kh7 41. Kb2 a4 42. Bc4 Rd2 43. Bb5 a3+ 44. Kb3 a2 45. Ra1 e5 46. Rc7 Kh6 47. Rxa2 Rxf2 48. Ra6+ Be6+ 49. Bc4 Kxh5 50. Bxe6 Nxe6 51. Rc8 Nd4+ 52. Kb2 Kg4 53. Rd6 f5 54. Rd5 Kf4 55. Rc4 Ke4 56. Rd8 f4 57. Kc1 Ke3 58. Rc3+ Ke4 59. Rc4 Kf3 60. Rc3+ Ke4 61. Rc4 1/2-1/2

[Event "Hastings Challengers 1995/96"]
[Site "Hastings"]
[Date "1995.12.28"]
[Round "1"]
[White "Buckley, Graeme N"]
[Black "McMahon, Daire"]
[Result "1-0"]
[WhiteElo "2355"]
[BlackElo "2240"]
[PlyCount "57"]
[EventDate "1995.12.28"]
[EventType "swiss"]
[EventRounds "11"]
[EventCountry "ENG"]
[SourceTitle "BritBase"]
[Source "John Saunders"]
[SourceDate "2025.01.31"]
[SourceVersion "1"]
[SourceVersionDate "2025.01.31"]
[SourceQuality "1"]

1. d4 Nf6 2. c4 e6 3. Nc3 Bb4 4. e3 b6 5. Bd3 Bb7 6. Nf3 O-O 7. O-O d5 8. cxd5 exd5 9. Bd2 Nbd7 10. Rc1 Be7 11. Qa4 a6 12. Ne5 Nxe5 13. dxe5 Ne4 14. Bxe4 dxe4 15. Rfd1 b5 16. Qc2 c5 17. Nxe4 Qd5 18. f3 Rac8 19. Bc3 Qxa2 20. Nd6 Rc7 21. Nxb7 Rxb7 22. Qe4 Rc7 23. Rd5 Rfc8 24. e6 f6 25. Rd7 a5 26. Rcd1 Qb3 27. Be1 Rc6 28. R1d3 Qxb2 29. Rxe7 1-0

[Event "Hastings Challengers 1995/96"]
[Site "Hastings"]
[Date "1995.12.28"]
[Round "1"]
[White "Ellison, Derek George"]
[Black "Radovanovic, Jovica"]
[Result "1/2-1/2"]
[WhiteElo "2140"]
[BlackElo "2280"]
[PlyCount "74"]
[EventDate "1995.12.28"]
[EventType "swiss"]
[EventRounds "11"]
[EventCountry "ENG"]
[SourceTitle "BritBase"]
[Source "John Saunders"]
[SourceDate "2025.01.31"]
[SourceVersion "1"]
[SourceVersionDate "2025.01.31"]
[SourceQuality "1"]

1. e4 c5 2. c3 g6 3. d4 cxd4 4. cxd4 d5 5. e5 Nc6 6. Nc3 Nh6 7. Bxh6 Bxh6 8. Nf3 O-O 9. Be2 Bg4 10. O-O Bxf3 11. Bxf3 e6 12. Qd3 Qb6 13. Rfd1 Rfc8 14. a3 Na5 15. b4 Nc4 16. Ra2 Qc6 17. Ne2 Nb6 18. h4 Qc4 19. Qb1 Na4 20. g3 Rc7 21. Kg2 a5 22. h5 Nc3 23. Nxc3 Qxc3 24. bxa5 Rxa5 25. Rd3 Qc1 26. Qb4 Ra8 27. hxg6 hxg6 28. a4 Qc4 29. Rb3 Bf8 30. Qxc4 Rxc4 31. a5 Bb4 32. Ra4 Bxa5 33. Rxc4 dxc4 34. Rxb7 c3 35. Rb3 Rc8 36. Be4 Bd8 37. Bc2 Kg7 1/2-1/2

[Event "Hastings Challengers 1995/96"]
[Site "Hastings"]
[Date "1995.12.28"]
[Round "1"]
[White "Emms, John M"]
[Black "Lyell, Mark"]
[Result "0-1"]
[WhiteElo "2485"]
[BlackElo "2265"]
[PlyCount "56"]
[EventDate "1995.12.28"]
[EventType "swiss"]
[EventRounds "11"]
[EventCountry "ENG"]
[SourceTitle "BritBase"]
[Source "John Saunders"]
[SourceDate "2025.01.31"]
[SourceVersion "1"]
[SourceVersionDate "2025.01.31"]
[SourceQuality "1"]

1. e4 e5 2. Nf3 Nc6 3. Bb5 f5 4. Nc3 fxe4 5. Nxe4 d5 6. Nxe5 dxe4 7. Nxc6 Qd5 8. c4 Qd6 9. Nxa7+ Bd7 10. Bxd7+ Qxd7 11. Qh5+ g6 12. Qe5+ Kf7 13. Nb5 c6 14. Qd4 Qe7 15. Qxh8 Nf6 16. b3 Rd8 17. Bb2 Bg7 18. Ba3 Qd7 19. Nd6+ Ke6 20. Qxd8 Qxd8 21. Nxb7 Qc7 22. Nc5+ Kf7 23. Rb1 Qf4 24. h3 Nh5 25. O-O Be5 26. g3 Qf3 27. Rbe1 Nf4 28. gxf4 Qxf4 0-1

[Event "Hastings Challengers 1995/96"]
[Site "Hastings"]
[Date "1995.12.28"]
[Round "1"]
[White "Ferguson, Mark"]
[Black "Schroeder, Wilfried"]
[Result "1-0"]
[WhiteElo "2360"]
[BlackElo "2245"]
[PlyCount "167"]
[EventDate "1995.12.28"]
[EventType "swiss"]
[EventRounds "11"]
[EventCountry "ENG"]
[SourceTitle "BritBase"]
[Source "John Saunders"]
[SourceDate "2025.01.31"]
[SourceVersion "1"]
[SourceVersionDate "2025.01.31"]
[SourceQuality "1"]

1. e4 c6 2. d4 d5 3. e5 Bf5 4. Nf3 e6 5. Be2 Nd7 6. O-O Ne7 7. Nh4 Bg6 8. Nd2 Nf5 9. Nxg6 hxg6 10. Nf3 Nh4 11. g3 Nxf3+ 12. Bxf3 Be7 13. b3 Nf8 14. Bg2 Nh7 15. Qe2 Qd7 16. Bb2 O-O 17. f4 Rfe8 18. h4 Bf8 19. Qg4 Be7 20. Rf2 Rac8 21. Bf1 c5 22. h5 gxh5 23. Qxh5 g6 24. Qh6 Bf8 25. Qh3 Bg7 26. Rh2 Nf8 27. dxc5 Rxc5 28. Ba3 Rc7 29. Bd3 Rec8 30. Kf2 Rxc2+ 31. Bxc2 Rxc2+ 32. Kg1 Qc6 33. Rxc2 Qxc2 34. Qg2 Qd3 35. Rc1 g5 36. Qf2 gxf4 37. gxf4 Ng6 38. Bb4 Qf5 39. Bd2 Bh6 40. Rf1 Qg4+ 41. Kh2 Qh5+ 42. Kg1 Qg4+ 43. Qg2 Qxg2+ 44. Kxg2 Nxe5 45. Rh1 Ng4 46. Kf3 f5 47. Bc3 Kf7 48. Bd4 b6 49. Rc1 e5 50. Rc7+ Ke6 51. fxe5 Nxe5+ 52. Bxe5 Kxe5 53. Rxa7 Bf8 54. Rb7 Bc5 55. b4 Bxb4 56. Rxb6 Bc5 57. Rb3 d4 58. Ke2 Kd5 59. Kd3 f4 60. Rb1 Ba3 61. Rh1 Kc6 62. Kxd4 Bc5+ 63. Kc4 Be3 64. Rh6+ Kb7 65. Rf6 Ka7 66. Kb5 Ka8 67. Rf7 Kb8 68. Ka6 Kc8 69. Rf8+ Kc7 70. Rf5 Kb8 71. Rb5+ Kc8 72. Rb3 Bd4 73. Ka5 Be3 74. Ka4 Bd4 75. Ka3 Kc7 76. Ka4 Kc8 77. Ka5 Be3 78. a4 Bd4 79. Kb5 Be3 80. Kc6 Bd2 81. Rb5 Be3 82. a5 Kd8 83. a6 Ke7 84. Kb7 1-0

[Event "Hastings Challengers 1995/96"]
[Site "Hastings"]
[Date "1995.12.28"]
[Round "1"]
[White "Giddins, Stephen W"]
[Black "Rause, Olita"]
[Result "0-1"]
[WhiteElo "2345"]
[BlackElo "2320"]
[PlyCount "94"]
[EventDate "1995.12.28"]
[EventType "swiss"]
[EventRounds "11"]
[EventCountry "ENG"]
[SourceTitle "BritBase"]
[Source "John Saunders"]
[SourceDate "2025.01.31"]
[SourceVersion "1"]
[SourceVersionDate "2025.01.31"]
[SourceQuality "1"]

1. d4 d5 2. c4 Bf5 3. Nc3 e6 4. Bf4 Nf6 5. e3 Bd6 6. Bg3 Nc6 7. Nf3 O-O 8. Be2 Re8 9. O-O a6 10. Rc1 Bxg3 11. hxg3 Bg4 12. cxd5 exd5 13. Na4 Ne4 14. Nc5 Nxc5 15. Rxc5 Ne7 16. Qb3 Rb8 17. Rfc1 c6 18. Qc2 f6 19. Bd3 g6 20. Nd2 Bf5 21. b4 Bxd3 22. Qxd3 Nf5 23. a4 Nd6 24. Nb1 Qb6 25. Qb3 Kg7 26. Na3 Ra8 27. g4 Re7 28. g3 Ne4 29. R5c2 Nd6 30. Kg2 Qd8 31. Ra2 Qd7 32. f3 Rae8 33. Rc3 f5 34. gxf5 Nxf5 35. Nc2 Qd6 36. f4 Qe6 37. b5 Nd6 38. bxa6 Ne4 39. Rd3 Qg4 40. Ne1 Qxg3+ 41. Kf1 bxa6 42. Rg2 Qh3 43. Kg1 Ng3 44. a5 Qh1+ 45. Kf2 Qf1+ 46. Kxg3 Qxe1+ 47. Kf3 Qxa5 0-1

[Event "Hastings Challengers 1995/96"]
[Site "Hastings"]
[Date "1995.12.28"]
[Round "1"]
[White "Gunter, David WW"]
[Black "Ryan, Joseph"]
[Result "0-1"]
[WhiteElo "2130"]
[BlackElo "2210"]
[PlyCount "116"]
[EventDate "1995.12.28"]
[EventType "swiss"]
[EventRounds "11"]
[EventCountry "ENG"]
[SourceTitle "BritBase"]
[Source "John Saunders"]
[SourceDate "2025.01.31"]
[SourceVersion "1"]
[SourceVersionDate "2025.01.31"]
[SourceQuality "1"]

1. d4 d5 2. Bg5 h6 3. Bh4 c6 4. e3 Qb6 5. Qc1 e5 6. Nf3 e4 7. Nfd2 Ne7 8. c4 Nf5 9. Bg3 Nxg3 10. hxg3 Be6 11. Nc3 Be7 12. a4 O-O 13. Be2 Nd7 14. Qc2 f5 15. cxd5 cxd5 16. Qb3 Qxb3 17. Nxb3 Rfc8 18. Kd2 Bb4 19. a5 a6 20. Ra4 Bd6 21. Rc1 g5 22. Raa1 Kh7 23. Na4 f4 24. gxf4 gxf4 25. Nbc5 Bxc5 26. Nxc5 Nxc5 27. dxc5 Rg8 28. Bf1 f3 29. gxf3 Bd7 30. Kc3 exf3 31. Bd3+ Kg7 32. Rh1 Rac8 33. b4 Rc6 34. Rag1+ Kf7 35. Rxg8 Kxg8 36. Kd4 Rf6 37. Rh5 Bc6 38. Rf5 Kg7 39. Bc2 Rg6 40. Rxf3 Rg4+ 41. Rf4 Rxf4+ 42. exf4 h5 43. Ke5 h4 44. Bf5 d4 45. Kxd4 Bg2 46. b5 axb5 47. c6 Bxc6 48. Bh3 Kf6 49. Kc5 Ke7 50. f3 Kf6 51. Kb4 Ke7 52. Kc5 Bd7 53. Bf1 h3 54. Bxh3 Bxh3 55. Kxb5 Bf1+ 56. Kc5 Kf6 57. Kd4 Kf5 58. Ke3 Ba6 0-1

[Event "Hastings Challengers 1995/96"]
[Site "Hastings"]
[Date "1995.12.28"]
[Round "1"]
[White "Harman, Ronald FA"]
[Black "Bouchaud, Vincent"]
[Result "0-1"]
[WhiteElo "2075"]
[BlackElo "2180"]
[PlyCount "78"]
[EventDate "1995.12.28"]
[EventType "swiss"]
[EventRounds "11"]
[EventCountry "ENG"]
[SourceTitle "BritBase"]
[Source "John Saunders"]
[SourceDate "2025.01.31"]
[SourceVersion "1"]
[SourceVersionDate "2025.01.31"]
[SourceQuality "1"]

1. e4 Nc6 2. d4 e5 3. Nf3 exd4 4. Nxd4 Qh4 5. Nc3 Bb4 6. Ndb5 Qxe4+ 7. Be2 Kd8 8. O-O Bxc3 9. Bd3 Qh4 10. Nxc3 d6 11. Ne4 f6 12. g3 Qg4 13. f3 Qh5 14. Re1 Nge7 15. Bf4 Bd7 16. Be2 Qd5 17. Qc1 Nd4 18. Qd2 Bb5 19. Nc3 Nxe2+ 20. Rxe2 Qxd2 21. Rxd2 Bc6 22. Kf2 Re8 23. g4 Ng6 24. Bg3 Ne5 25. Nd5 Nc4 26. Rd4 Nxb2 27. Nb4 Bd7 28. Nd3 Na4 29. Rb1 b6 30. Nf4 Nc5 31. Nh5 Re7 32. Bh4 Ne6 33. Re4 g5 34. Bg3 Nc5 35. Rd4 Rf7 36. Re1 f5 37. gxf5 Bxf5 38. Rd5 h6 39. f4 Bg6 0-1

[Event "Hastings Challengers 1995/96"]
[Site "Hastings"]
[Date "1995.12.28"]
[Round "1"]
[White "Haslinger, Mandy S"]
[Black "Christensen, Esben"]
[Result "1/2-1/2"]
[WhiteElo "2060"]
[BlackElo "2175"]
[PlyCount "86"]
[EventDate "1995.12.28"]
[EventType "swiss"]
[EventRounds "11"]
[EventCountry "ENG"]
[SourceTitle "BritBase"]
[Source "John Saunders"]
[SourceDate "2025.01.31"]
[SourceVersion "1"]
[SourceVersionDate "2025.01.31"]
[SourceQuality "1"]

1. d4 Nf6 2. c4 c5 3. d5 b5 4. cxb5 a6 5. f3 g6 6. e4 d6 7. Na3 Bg7 8. Ne2 O-O 9. Nc3 Nbd7 10. Be2 Ne8 11. Bd2 Nc7 12. O-O axb5 13. Naxb5 Nxb5 14. Bxb5 Ba6 15. Bxa6 Rxa6 16. Qc2 Qa8 17. b3 Rc8 18. a4 Nb6 19. Rac1 c4 20. Na2 cxb3 21. Qxb3 Rxa4 22. Nb4 Bd4+ 23. Kh1 Rxc1 24. Rxc1 Ra1 25. Qc2 Rxc1+ 26. Qxc1 Qa1 27. Qxa1 Bxa1 28. Nc6 Bf6 29. Bb4 Nc4 30. Kg1 e6 31. dxe6 fxe6 32. Kf2 Kf7 33. Ke2 d5 34. Kd3 Ne5+ 35. Nxe5+ Bxe5 36. g3 g5 37. Bc5 Kg6 38. Bd4 Bc7 39. Bc3 Bb6 40. Bd4 Ba5 41. Be5 Bb6 42. Bd4 Ba5 43. Be5 Bb6 1/2-1/2

[Event "Hastings Challengers 1995/96"]
[Site "Hastings"]
[Date "1995.12.28"]
[Round "1"]
[White "Houska, Miroslav"]
[Black "Flear, Glenn C"]
[Result "0-1"]
[WhiteElo "2275"]
[BlackElo "2495"]
[PlyCount "68"]
[EventDate "1995.12.28"]
[EventType "swiss"]
[EventRounds "11"]
[EventCountry "ENG"]
[SourceTitle "BritBase"]
[Source "John Saunders"]
[SourceDate "2025.01.31"]
[SourceVersion "1"]
[SourceVersionDate "2025.01.31"]
[SourceQuality "1"]

1. e4 e5 2. Nf3 Nc6 3. d4 exd4 4. Nxd4 Qh4 5. Nc3 Bb4 6. Ndb5 Ba5 7. Bd3 a6 8. Na3 b5 9. Nab1 Nf6 10. O-O d6 11. a4 b4 12. Nd5 Nxd5 13. exd5 Ne5 14. Be2 O-O 15. Nd2 Bf5 16. Nb3 Bb6 17. a5 Ba7 18. c3 bxc3 19. bxc3 Rfe8 20. Nd4 Be4 21. Ra4 Nd7 22. Nf5 Qf6 23. Ng3 Nc5 24. Rc4 Qe5 25. Rd4 Rab8 26. Bf3 Bxf3 27. Qxf3 Rb1 28. h3 g6 29. Be3 Rxf1+ 30. Kxf1 f5 31. Kg1 Ne4 32. Rd3 Nxg3 33. Bxa7 Qe1+ 34. Kh2 Nf1+ 0-1

[Event "Hastings Challengers 1995/96"]
[Site "Hastings"]
[Date "1995.12.28"]
[Round "1"]
[White "Hunt, Adam C"]
[Black "Almond, Richard JA"]
[Result "1/2-1/2"]
[WhiteElo "2180"]
[BlackElo "2070"]
[PlyCount "72"]
[EventDate "1995.12.28"]
[EventType "swiss"]
[EventRounds "11"]
[EventCountry "ENG"]
[SourceTitle "BritBase"]
[Source "John Saunders"]
[SourceDate "2025.01.31"]
[SourceVersion "1"]
[SourceVersionDate "2025.01.31"]
[SourceQuality "1"]

1. e4 c6 2. d4 d5 3. exd5 cxd5 4. c4 Nf6 5. Nc3 e6 6. Nf3 Bb4 7. Bd3 dxc4 8. Bxc4 O-O 9. O-O b6 10. a3 Bxc3 11. bxc3 Qc7 12. Qe2 Bb7 13. Ne5 Bd5 14. Bxd5 exd5 15. Qf3 Nbd7 16. Bf4 Qc8 17. Rac1 b5 18. Rfe1 Ne4 19. a4 Nxe5 20. Bxe5 a6 21. Qd3 f6 22. f3 fxe5 23. fxe4 dxe4 24. Qxe4 exd4 25. Qd5+ Kh8 26. cxd4 Qd8 27. Qxd8 Raxd8 28. Red1 bxa4 29. Rc4 Rf4 30. Rxa4 h6 31. g3 Re4 32. Rd3 Rd6 33. Kf2 Kh7 34. Kf3 Re1 35. d5 Re5 36. Rad4 g5 1/2-1/2

[Event "Hastings Challengers 1995/96"]
[Site "Hastings"]
[Date "1995.12.28"]
[Round "1"]
[White "Jaksland, Tim"]
[Black "Quinn, Mark"]
[Result "1/2-1/2"]
[WhiteElo "2240"]
[BlackElo "2360"]
[PlyCount "137"]
[EventDate "1995.12.28"]
[EventType "swiss"]
[EventRounds "11"]
[EventCountry "ENG"]
[SourceTitle "BritBase"]
[Source "John Saunders"]
[SourceDate "2025.01.31"]
[SourceVersion "1"]
[SourceVersionDate "2025.01.31"]
[SourceQuality "1"]

1. e4 c5 2. Nf3 Nc6 3. Bb5 g6 4. O-O Bg7 5. c3 Nf6 6. Re1 O-O 7. d4 d5 8. e5 Ne4 9. Nbd2 Nxd2 10. Bxd2 Qb6 11. Bxc6 bxc6 12. dxc5 Qxc5 13. b4 Qc4 14. Qb3 Qg4 15. Be3 Bf5 16. h3 Qh5 17. Qd1 Be4 18. Bd4 Bh6 19. Nh2 Qxd1 20. Raxd1 a5 21. Ng4 Bg5 22. a3 axb4 23. axb4 Ra2 24. Ra1 Rfa8 25. Rxa2 Rxa2 26. Ne3 f6 27. exf6 exf6 28. Rd1 Rb2 29. Ra1 Rb1+ 30. Rxb1 Bxb1 31. b5 cxb5 32. Nxd5 Kf7 33. f4 Bh4 34. Bf2 Bxf2+ 35. Kxf2 Be4 36. Ne3 Ke6 37. h4 Kd6 38. g3 h5 39. Ke2 Kc5 40. Kd2 Kb6 41. Kc1 f5 42. Kb2 Kc5 43. Kb3 Bf3 44. Kb2 Bb7 45. Kb3 Bc8 46. Kb2 Be6 47. Kc2 Bc4 48. Kb2 Be6 49. Kc2 Bd7 50. Kd3 Bc6 51. Kc2 b4 52. cxb4+ Kxb4 53. Kd3 Kc5 54. Nd1 Bb5+ 55. Ke3 Bf1 56. Kf2 Ba6 57. Ke3 Bc4 58. Nf2 Bf1 59. Nd1 Kc4 60. Kf2 Bd3 61. Nb2+ Kd4 62. Nxd3 Kxd3 63. Kf3 Kd2 64. Kf2 Kd1 65. Kf1 Kc1 66. Ke1 Kc2 67. Ke2 Kc3 68. Ke3 Kc4 69. Ke2 1/2-1/2

[Event "Hastings Challengers 1995/96"]
[Site "Hastings"]
[Date "1995.12.28"]
[Round "1"]
[White "Kurr, Gerd"]
[Black "Ledger, Andrew J"]
[Result "1/2-1/2"]
[WhiteElo "2250"]
[BlackElo "2410"]
[PlyCount "125"]
[EventDate "1995.12.28"]
[EventType "swiss"]
[EventRounds "11"]
[EventCountry "ENG"]
[SourceTitle "BritBase"]
[Source "John Saunders"]
[SourceDate "2025.01.31"]
[SourceVersion "1"]
[SourceVersionDate "2025.01.31"]
[SourceQuality "1"]

1. d4 Nf6 2. Nf3 g6 3. c4 Bg7 4. Nc3 d5 5. Bf4 O-O 6. e3 c5 7. Be2 Nc6 8. O-O cxd4 9. Nxd4 Nxd4 10. exd4 dxc4 11. Bxc4 Qb6 12. Bb3 Rd8 13. Be5 Bd7 14. Qf3 Rac8 15. Rfe1 Bg4 16. Qf4 Bf5 17. Qh4 Qb4 18. Rad1 b5 19. h3 h5 20. Qg3 a5 21. Qf3 a4 22. Nd5 Nxd5 23. Bxd5 Bxe5 24. Rxe5 e6 25. Bc6 Rxd4 26. Rxb5 Rxd1+ 27. Qxd1 Qc4 28. Bd7 Rd8 29. Rb7 Be4 30. Ra7 Bc6 31. Qd6 Rxd7 32. Rxd7 Bxd7 33. Qxd7 Qc1+ 34. Kh2 Qf4+ 35. Kg1 Qc1+ 36. Kh2 Qxb2 37. Qxa4 Qxf2 38. Qc4 e5 39. a4 h4 40. Qe4 Qg3+ 41. Kg1 f5 42. Qd3 Kg7 43. Qd7+ Kf6 44. Qd6+ Kg5 45. Qe7+ Kf4 46. Qb4+ e4 47. a5 Qd3 48. Qe1 Kg5 49. Qc1+ e3 50. a6 Qd2 51. Qc7 e2 52. Qe7+ Kf4 53. Qxh4+ Ke3 54. Qe7+ Kd3 55. Qd7+ Kc2 56. Qa4+ Kb2 57. Qb5+ Kc1 58. Qc4+ Qc2 59. Qf4+ Qd2 60. Qc4+ Qc2 61. Qf4+ Kd1 62. Qd4+ Qd2 63. Qa4+ 1/2-1/2

[Event "Hastings Challengers 1995/96"]
[Site "Hastings"]
[Date "1995.12.28"]
[Round "1"]
[White "Ledger, Stephen C"]
[Black "Botley, Gordon"]
[Result "1-0"]
[WhiteElo "2260"]
[BlackElo "2220"]
[PlyCount "95"]
[EventDate "1995.12.28"]
[EventType "swiss"]
[EventRounds "11"]
[EventCountry "ENG"]
[SourceTitle "BritBase"]
[Source "John Saunders"]
[SourceDate "2025.01.31"]
[SourceVersion "1"]
[SourceVersionDate "2025.01.31"]
[SourceQuality "1"]

1. d4 d6 2. Nf3 Bg4 3. Nbd2 Nd7 4. b3 g6 5. h3 Bxf3 6. Nxf3 Bg7 7. e3 c5 8. Bb2 Rc8 9. Qd2 Ngf6 10. Bd3 O-O 11. O-O d5 12. c4 Ne4 13. Qe2 e6 14. Rfd1 Qe7 15. Rac1 cxd4 16. exd4 Ndf6 17. Ne5 Rfe8 18. Qe1 Bh6 19. Rc2 b6 20. Re2 Qb7 21. f3 Nd6 22. c5 Nf5 23. Bxf5 exf5 24. c6 Qe7 25. Qh4 Bg7 26. Rde1 Qb4 27. Bc1 Re6 28. Bd2 Qd6 29. Nxf7 Kxf7 30. Rxe6 Qxe6 31. Rxe6 Kxe6 32. Qf4 Rxc6 33. Qe5+ Kf7 34. Bg5 Re6 35. Qc7+ Re7 36. Qc6 Re6 37. Qb5 Rd6 38. Bxf6 Bxf6 39. Qb4 Rc6 40. Kf2 Ke6 41. Qd2 Kf7 42. Ke2 h5 43. Kd3 g5 44. h4 Kg6 45. Qe2 Kf7 46. hxg5 Re6 47. g6+ Ke7 48. Qd2 1-0

[Event "Hastings Challengers 1995/96"]
[Site "Hastings"]
[Date "1995.12.28"]
[Round "1"]
[White "Malaniuk, Vladimir P"]
[Black "McCamon, Boyd T"]
[Result "1-0"]
[WhiteElo "2580"]
[BlackElo "2305"]
[PlyCount "63"]
[EventDate "1995.12.28"]
[EventType "swiss"]
[EventRounds "11"]
[EventCountry "ENG"]
[SourceTitle "BritBase"]
[Source "John Saunders"]
[SourceDate "2025.01.31"]
[SourceVersion "1"]
[SourceVersionDate "2025.01.31"]
[SourceQuality "1"]

1. d4 Nf6 2. Nf3 d6 3. g3 Bg4 4. Bg2 c6 5. h3 Bh5 6. Nc3 Nbd7 7. g4 Bg6 8. Nh4 e6 9. Nxg6 hxg6 10. e4 Qc7 11. O-O Be7 12. Be3 Nb6 13. Qe2 d5 14. e5 Nfd7 15. b3 Ba3 16. Rad1 Bb4 17. Nb1 Be7 18. f4 Nf8 19. c4 f5 20. exf6 gxf6 21. f5 exf5 22. gxf5 g5 23. Nc3 Rd8 24. c5 Nbd7 25. Rd3 Kf7 26. Bf2 Nb8 27. Bg3 Qd7 28. Re3 Na6 29. Re1 Re8 30. Bd6 Bxd6 31. Rxe8 Be5 32. Rxf8+ 1-0

[Event "Hastings Challengers 1995/96"]
[Site "Hastings"]
[Date "1995.12.28"]
[Round "1"]
[White "Muir, Andrew Joseph"]
[Black "Hon, Andrew HL"]
[Result "0-1"]
[WhiteElo "2315"]
[BlackElo "2225"]
[PlyCount "70"]
[EventDate "1995.12.28"]
[EventType "swiss"]
[EventRounds "11"]
[EventCountry "ENG"]
[SourceTitle "BritBase"]
[Source "John Saunders"]
[SourceDate "2025.01.31"]
[SourceVersion "1"]
[SourceVersionDate "2025.01.31"]
[SourceQuality "1"]

1. d4 d6 2. e4 Nf6 3. Nc3 g6 4. f4 Bg7 5. Nf3 c5 6. Bb5+ Bd7 7. Bxd7+ Nbxd7 8. d5 O-O 9. a4 b6 10. O-O Re8 11. Re1 Qb8 12. Qd3 a6 13. h3 Nf8 14. f5 Qb7 15. Bf4 Rad8 16. Rab1 N8d7 17. g4 Rc8 18. Nd2 c4 19. Nxc4 Nc5 20. Qe2 b5 21. axb5 axb5 22. Na5 Qb6 23. Qxb5 Qxb5 24. Nxb5 gxf5 25. gxf5 Ncxe4 26. c4 Nc5 27. Rbd1 Nh5 28. Bg5 Be5 29. b4 Nd7 30. Nc6 f6 31. Bh4 Kf7 32. Re4 Rg8+ 33. Kh1 Rg7 34. Nbd4 Rcg8 35. Ne6 Rg2 0-1

[Event "Hastings Challengers 1995/96"]
[Site "Hastings"]
[Date "1995.12.28"]
[Round "1"]
[White "Parker, Jonathan F"]
[Black "Stoeber, Michael"]
[Result "1-0"]
[WhiteElo "2415"]
[BlackElo "2250"]
[PlyCount "52"]
[EventDate "1995.12.28"]
[EventType "swiss"]
[EventRounds "11"]
[EventCountry "ENG"]
[SourceTitle "BritBase"]
[Source "John Saunders"]
[SourceDate "2025.01.31"]
[SourceVersion "1"]
[SourceVersionDate "2025.01.31"]
[SourceQuality "1"]

1. d4 Nf6 2. c4 c5 3. d5 b5 4. Bg5 g6 5. Nd2 Bg7 6. e4 d6 7. Ngf3 O-O 8. cxb5 a6 9. Qb3 Nbd7 10. Be2 axb5 11. Bxb5 Ba6 12. Bxa6 Rxa6 13. O-O Qa8 14. a3 Rb8 15. Qc2 h6 16. Bh4 Ra7 17. Rab1 Rab7 18. Rfe1 Nb6 19. h3 Qa4 20. Qxa4 Nxa4 21. b3 Nc3 22. Rbc1 Nb5 23. Kf1 Nd4 24. Re3 Nb5 25. a4 Na3 26. Bg3 g5 1-0